[Event "IECG TG-2008-0-15811"]
[Site "IECG email"]
[Date "2008.02.04"]
[Round "1"]
[White "Michael, Holger"]
[Black "Cavanagh, Philip C"]
[Result "1-0"]
[WhiteElo "1193"]
[BlackElo "1135"]
[PlyCount "32"]
[EventDate "2008.02.03"]
[EventType "tourn (corr)"]
[EventRounds "6"]
[SourceTitle "Corr 2024"]
[Source "ChessBase"]
[SourceDate "2023.10.19"]
[SourceVersion "1"]
[SourceVersionDate "2023.10.19"]
[SourceQuality "1"]

1. Nf3 e6 2. c4 Nf6 3. d4 Bb4+ 4. Bd2 Bxd2+ 5. Nbxd2 0-0 6. e3 h6 7. Bd3 Nc6 8. 0-0 Re8 9. Nb3 e5 10. dxe5 Nxe5 11. Nxe5 Rxe5 12. Qf3 d6 13. Qf4 Nh5 14. Qf3 Be6 15. Qxb7 d5 16. Nd4 dxc4 1-0

[Event "IECC KO-2095"]
[Site "IECC email"]
[Date "2007.10.08"]
[Round "?"]
[White "Copin, Jean Christophe"]
[Black "Michael, Holger"]
[Result "0-1"]
[WhiteElo "1232"]
[BlackElo "1525"]
[PlyCount "52"]
[EventDate "2007.??.??"]
[EventType "match (corr)"]
[EventRounds "2"]
[SourceTitle "Corr 2020"]
[Source "ChessBase"]
[SourceDate "2019.09.30"]
[SourceVersion "1"]
[SourceVersionDate "2019.09.30"]
[SourceQuality "1"]
[WhiteTeam "France"]
[BlackTeam "Germany"]
[WhiteTeamCountry "FRA"]
[BlackTeamCountry "GER"]

1. e4 e5 2. Nf3 Nc6 3. Bb5 a6 4. Ba4 b5 5. Bb3 Nf6 6. 0-0 Bd6 7. Re1 0-0 8. d4 Qe7 9. Nc3 Nxd4 10. Nxd4 exd4 11. Nd5 Nxd5 12. Bxd5 c6 13. Bb3 Be5 14. f4 Bd6 15. Kh1 Bc5 16. a3 d5 17. e5 Qh4 18. Ba2 Bf5 19. Bb1 a5 20. Bd2 d3 21. g3 Qh3 22. Qf3 Be4 23. Rxe4 dxe4 24. Qg2 Qg4 25. Qxe4 Qd1+ 26. Qe1 Qf3# 0-1

[Event "IECC KO-2095"]
[Site "IECC email"]
[Date "2007.10.08"]
[Round "?"]
[White "Michael, Holger"]
[Black "Copin, Jean Christophe"]
[Result "1-0"]
[WhiteElo "1506"]
[BlackElo "1203"]
[PlyCount "39"]
[EventDate "2007.??.??"]
[EventType "match (corr)"]
[EventRounds "2"]
[SourceTitle "Corr 2011"]
[Source "ChessBase"]
[SourceDate "2010.08.31"]
[SourceVersion "1"]
[SourceVersionDate "2010.08.31"]
[SourceQuality "1"]
[WhiteTeam "US of America"]
[BlackTeam "South Africa"]
[WhiteTeamCountry "USA"]
[BlackTeamCountry "RSA"]

1. e4 e6 2. Nc3 d5 3. exd5 exd5 4. Nf3 Nf6 5. d4 Be7 6. Be2 Nbd7 7. 0-0 0-0 8. Bf4 Nh5 9. Nxd5 Nxf4 10. Nxf4 Nf6 11. Re1 b6 12. Ne5 Bb7 13. Bf3 Rb8 14. Bxb7 Rxb7 15. Nc6 Qd7 16. Nxe7+ Kh8 17. Qf3 Rbb8 18. Rad1 Rbe8 19. Nc6 g5 20. Nh3 1-0

[Event "IECC O-2593"]
[Site "IECC email"]
[Date "2007.05.20"]
[Round "?"]
[White "Lado, Ake"]
[Black "Michael, Holger"]
[Result "0-1"]
[WhiteElo "1494"]
[BlackElo "1508"]
[PlyCount "68"]
[EventDate "2007.??.??"]
[EventType "swiss (corr)"]
[EventRounds "2"]
[SourceTitle "Corr 2011"]
[Source "ChessBase"]
[SourceDate "2010.08.31"]
[SourceVersion "1"]
[SourceVersionDate "2010.08.31"]
[SourceQuality "1"]
[WhiteTeam "US of America"]
[BlackTeam "South Africa"]
[WhiteTeamCountry "USA"]
[BlackTeamCountry "RSA"]

1. h4 e5 2. h5 Nc6 3. c3 Nf6 4. d4 exd4 5. Nf3 dxc3 6. Nxc3 h6 7. Bf4 Bc5 8. e4 0-0 9. Bc4 d6 10. Qc2 Bg4 11. 0-0-0 Nxh5 12. Rxh5 Bxh5 13. g4 Bxg4 14. Rg1 Bxf3 15. Bxh6 Qh4 16. Bxg7 Qxf2 17. Bd4+ Qxg1+ 18. Bxg1 Bxg1 19. Qd3 Ne5 20. Qf1 Be3+ 21. Kc2 Rae8 22. Qh3 Nxc4 23. Qxf3 Bg5 24. Nd5 Re5 25. Nf6+ Bxf6 26. Qxf6 Rfe8 27. b3 Ne3+ 28. Kd3 Ng4 29. Qf4 Rxe4 30. Qg5+ Kf8 31. Qa5 Ne5+ 32. Kc3 Re3+ 33. Kb2 Re2+ 34. Ka3 Nc4+ 0-1

[Event "IECC O-2548"]
[Site "IECC email"]
[Date "2007.03.18"]
[Round "?"]
[White "Michael, Holger"]
[Black "Von Rosenberg, Clemens"]
[Result "1/2-1/2"]
[WhiteElo "1502"]
[BlackElo "1646"]
[PlyCount "54"]
[EventDate "2007.??.??"]
[EventType "swiss (corr)"]
[EventRounds "2"]
[SourceTitle "Corr 2008"]
[Source "ChessBase"]
[SourceDate "2008.06.24"]
[SourceVersion "1"]
[SourceVersionDate "2008.06.24"]
[SourceQuality "1"]
[WhiteTeam "Germany"]
[BlackTeam "Germany"]
[WhiteTeamCountry "GER"]
[BlackTeamCountry "GER"]

1. e4 c5 2. Nf3 d6 3. d4 a6 4. dxc5 Qa5+ 5. Nc3 Qxc5 6. Bd3 Bg4 7. Be3 Qa5 8. 0-0 Nf6 9. h3 Bh5 10. g4 Bg6 11. Qd2 Nc6 12. a3 e6 13. Nh4 d5 14. Nxg6 hxg6 15. exd5 Nxd5 16. b4 Qd8 17. Be4 Nxe3 18. Qxe3 Rc8 19. Rfd1 Qc7 20. Kg2 Nxb4 21. axb4 Qxc3 22. Qxc3 Rxc3 23. Bxb7 Bxb4 24. Rxa6 Ke7 25. Be4 Rc7 26. f4 Rhc8 27. g5 Kf8 1/2-1/2

[Event "IECG TG.2005.0.15521"]
[Site "IECG email"]
[Date "2005.11.30"]
[Round "1"]
[White "Agustoni, Alessandro"]
[Black "Michael, Holger"]
[Result "1-0"]
[WhiteElo "1334"]
[BlackElo "1285"]
[PlyCount "85"]
[EventDate "2005.11.30"]
[EventType "match (corr)"]
[EventRounds "2"]
[SourceTitle "Corr 2008"]
[Source "ChessBase"]
[SourceDate "2008.06.24"]
[SourceVersion "1"]
[SourceVersionDate "2008.06.24"]
[SourceQuality "1"]

1. e4 c6 2. d4 d5 3. Nc3 dxe4 4. Nxe4 Nf6 5. Nxf6+ exf6 6. Bc4 b5 7. Bb3 Bb4+ 8. c3 Bd6 9. Qe2+ Qe7 10. Qxe7+ Bxe7 11. Nf3 0-0 12. Bf4 g5 13. Bg3 Bf5 14. 0-0 Nd7 15. Rfe1 Rae8 16. Re3 Bd8 17. Rae1 Rxe3 18. Rxe3 Kg7 19. Bd6 Rg8 20. d5 Bb6 21. Re7 c5 22. a4 Bd8 23. Re1 a6 24. axb5 axb5 25. Bg3 Bb6 26. c4 bxc4 27. Bxc4 h5 28. h3 h4 29. Bd6 Ba5 30. Rc1 Be4 31. Bb5 Bb4 32. Bxd7 Rd8 33. Bxc5 Bxc5 34. Bc6 Bd6 35. Nd4 Be5 36. Rd1 Kg6 37. b4 Bxd5 38. Nc2 Bxg2 39. Rxd8 Bxc6 40. Nd4 Be4 41. b5 f5 42. Nc6 Bf4 43. Ne7+ 1-0

[Event "IECG TG-2005-0-15466"]
[Site "IECG email"]
[Date "2005.08.27"]
[Round "1"]
[White "Michael, Holger"]
[Black "MacKenzie, Roderick"]
[Result "1-0"]
[WhiteElo "1269"]
[BlackElo "1185"]
[PlyCount "23"]
[EventDate "2005.08.27"]
[EventType "tourn (corr)"]
[EventRounds "6"]
[SourceTitle "Corr 2024"]
[Source "ChessBase"]
[SourceDate "2023.10.19"]
[SourceVersion "1"]
[SourceVersionDate "2023.10.19"]
[SourceQuality "1"]

1. Nf3 f5 2. e3 Nf6 3. Bb5 c6 4. Be2 d6 5. 0-0 e5 6. d4 Nbd7 7. dxe5 dxe5 8. Ng5 Qe7 9. f4 e4 10. Bc4 h6 11. Bf7+ Qxf7 12. Nxf7 1-0

[Event "IECG TG.2004.0.15090"]
[Site "IECG email"]
[Date "2004.02.26"]
[Round "2"]
[White "Michael, Holger"]
[Black "Winder, Stephen"]
[Result "1-0"]
[WhiteElo "1265"]
[BlackElo "1300"]
[PlyCount "57"]
[EventDate "2004.02.26"]
[EventType "match (corr)"]
[EventRounds "2"]
[SourceTitle "Corr 2008"]
[Source "ChessBase"]
[SourceDate "2008.06.24"]
[SourceVersion "1"]
[SourceVersionDate "2008.06.24"]
[SourceQuality "1"]

1. d4 d5 2. c4 Nc6 3. cxd5 Qxd5 4. Nf3 Bg4 5. Nc3 Qd7 6. d5 Bxf3 7. exf3 Nd8 8. Bc4 a6 9. 0-0 g6 10. Re1 Bg7 11. Qe2 Nf6 12. Bf4 Nh5 13. Bg5 Bf6 14. Bxf6 Nxf6 15. Rac1 c6 16. Bb3 Qd6 17. Qe3 cxd5 18. Bxd5 Nc6 19. Bxc6+ bxc6 20. Rcd1 Qc7 21. Qh6 Nh5 22. Ne4 Rd8 23. Rxd8+ Kxd8 24. g4 Qf4 25. Ng5 Rg8 26. h4 Ke8 27. Qxh7 Rf8 28. gxh5 Qxh4 29. Ne4 1-0

[Event "IECC O email"]
[Site "IECC email"]
[Date "2002.09.25"]
[Round "?"]
[White "Michael, Holger"]
[Black "Torre, Leandro"]
[Result "0-1"]
[WhiteElo "1393"]
[BlackElo "1479"]
[PlyCount "98"]
[EventDate "2002.??.??"]
[EventType "tourn (corr)"]
[EventRounds "6"]
[SourceTitle "Corr 2008"]
[Source "ChessBase"]
[SourceDate "2008.06.24"]
[SourceVersion "1"]
[SourceVersionDate "2008.06.24"]
[SourceQuality "1"]

1. e4 d5 2. exd5 Nf6 3. Bb5+ Bd7 4. Bc4 Bg4 5. f3 Bf5 6. Nc3 c6 7. dxc6 Nxc6 8. Nge2 e6 9. d4 Be7 10. 0-0 0-0 11. Be3 Rc8 12. Bd3 Bxd3 13. Qxd3 Qc7 14. Nb5 Qb6 15. a3 a6 16. Nbc3 Rfd8 17. Rfd1 Bd6 18. Ne4 Nxe4 19. fxe4 Qc7 20. h3 Na5 21. Rac1 Nc4 22. Qb3 Qc6 23. e5 Be7 24. Bf4 Qe4 25. Kf2 f6 26. Re1 fxe5 27. Bxe5 Bg5 28. Nf4 Qf5 29. g3 Bxf4 30. gxf4 Nxe5 31. dxe5 Rd2+ 32. Re2 Qxf4+ 33. Kg1 Qd4+ 34. Qe3 Rd1+ 35. Rxd1 Qxd1+ 36. Re1 Qxc2 37. Re2 Qb1+ 38. Kh2 Rc2 39. Qd3 Rxe2+ 40. Qxe2 Qf5 41. Kg2 Qg5+ 42. Kh2 h6 43. Qe1 Qf4+ 44. Kg2 Qc4 45. Qa5 Qd5+ 46. Qxd5 exd5 47. Kf3 Kf7 48. h4 Ke6 49. h5 Kxe5 0-1

[Event "IECC O email"]
[Site "IECC email"]
[Date "2001.02.04"]
[Round "?"]
[White "Garcia, Sonny T"]
[Black "Michael, Holger"]
[Result "0-1"]
[WhiteElo "1115"]
[BlackElo "1236"]
[PlyCount "34"]
[EventDate "2001.??.??"]
[EventType "tourn (corr)"]
[EventRounds "6"]
[SourceTitle "Corr 2008"]
[Source "ChessBase"]
[SourceDate "2008.06.24"]
[SourceVersion "1"]
[SourceVersionDate "2008.06.24"]
[SourceQuality "1"]

1. e4 e5 2. Nf3 Nc6 3. Bc4 Nf6 4. d4 exd4 5. 0-0 Nxe4 6. Re1 d5 7. Bxd5 Qxd5 8. Nc3 Qh5 9. Nxe4 Be6 10. Nxd4 Qxd1 11. Rxd1 Nxd4 12. Rxd4 Be7 13. Bg5 f6 14. Bf4 Rc8 15. b3 0-0 16. Nc5 Bxc5 17. Rc4 Bxc4 0-1

[Event "IECC O email"]
[Site "IECC email"]
[Date "1999.06.22"]
[Round "?"]
[White "Michael, Holger"]
[Black "Jonsson, Gudbrandur"]
[Result "1-0"]
[WhiteElo "1255"]
[BlackElo "1192"]
[PlyCount "115"]
[EventDate "1999.??.??"]
[EventType "tourn (corr)"]
[EventRounds "6"]
[SourceTitle "Corr 2008"]
[Source "ChessBase"]
[SourceDate "2008.06.24"]
[SourceVersion "1"]
[SourceVersionDate "2008.06.24"]
[SourceQuality "1"]

1. e4 e5 2. Nf3 Nc6 3. Bb5 a6 4. Ba4 Nf6 5. 0-0 Nxe4 6. d4 b5 7. Bb3 d5 8. dxe5 Be6 9. a4 b4 10. a5 Nc5 11. Bg5 Qd7 12. Nbd2 h6 13. Bh4 Rb8 14. c4 bxc3 15. bxc3 g5 16. Bg3 Nd8 17. Nd4 h5 18. h4 g4 19. Rb1 Ndb7 20. Ra1 Nd8 21. Bc2 Bh6 22. N2b3 Na4 23. Qd3 c5 24. Nxe6 Nxe6 25. Nc1 Nb2 26. Qxa6 0-0 27. Bf5 Nc4 28. Bxe6 fxe6 29. Nd3 Rbc8 30. Rfb1 Rf7 31. Rb5 Bf8 32. Nf4 Rc6 33. Qa8 Rc7 34. Rbb1 Ra7 35. Qb8 Rh7 36. Ng6 Rf7 37. a6 Kg7 38. Nxf8 Rxf8 39. Qxa7 Qxa7 40. Rb7+ Qxb7 41. axb7 Rb8 42. Rb1 Na5 43. Bf4 Nxb7 44. Be3 d4 45. cxd4 c4 46. d5 c3 47. dxe6 Kg6 48. Rb6 g3 49. fxg3 Kg7 50. Bg5 Kf8 51. Rc6 Ke8 52. Rxc3 Nd8 53. Rc7 Rb6 54. e7 Rb1+ 55. Kh2 Rd1 56. Rc8 Kf7 57. Rxd8 Rxd8 58. exd8Q 1-0

[Event "IECC O email"]
[Site "IECC email"]
[Date "1999.04.20"]
[Round "?"]
[White "Chandler, Philip"]
[Black "Michael, Holger"]
[Result "0-1"]
[WhiteElo "1301"]
[BlackElo "1216"]
[PlyCount "70"]
[EventDate "1999.??.??"]
[EventType "tourn (corr)"]
[EventRounds "6"]
[SourceTitle "Corr 2008"]
[Source "ChessBase"]
[SourceDate "2008.06.24"]
[SourceVersion "1"]
[SourceVersionDate "2008.06.24"]
[SourceQuality "1"]

1. e4 e5 2. Nf3 Nc6 3. Bb5 a6 4. Ba4 Nf6 5. 0-0 Be7 6. Re1 b5 7. Bb3 0-0 8. c3 d6 9. h3 Na5 10. Bc2 c5 11. d4 cxd4 12. cxd4 exd4 13. Nxd4 Bd7 14. b3 Rc8 15. Qd3 Nc6 16. Nxc6 Rxc6 17. Bh6 gxh6 18. Nc3 Qc8 19. Nd5 Nxd5 20. exd5 Rxc2 21. Rxe7 Rc1+ 22. Rxc1 Qxc1+ 23. Kh2 Qf4+ 24. Qg3+ Qxg3+ 25. Kxg3 Bf5 26. Kf4 Bc8 27. Ke4 Rd8 28. f4 Kf8 29. Rc7 Re8+ 30. Kd4 Bf5 31. g4 Re4+ 32. Kc3 Re3+ 33. Kb4 Bb1 34. a4 Ba2 35. Rc3 a5+ 0-1